000 00928cam a2200325Mi 4500
001 89197
005 20230410132804.0
008 040705s2001 caua f 001 0 eng d
035 _a(OCoLC)ocn456458118
040 _aSILIS
_eppiak
_bslv
_cSILIS
015 _aGBA2-17091
020 _a0805373934
020 _a9780805373936
035 _a(OCoLC)456458118
044 _axxu
_cusa
050 1 4 _aQH 308.2
_bC189e 2001
080 _a570
049 _aGRAL
100 1 _aCampbell, Neil A.,
_d1946-
_4aut
245 0 0 _aEssential biology /
_cNeil A. Campbell, Jane B. Reece.
260 _aSan Francisco :
_bBenjamin Cummings,
_ccop. 2001.
300 _aXXXII, 490, [44] str. :
_bilustr. ;
_c28 cm +
_e1 CD-ROM.
650 0 _aBiology.
650 4 _aBiologĂ­a.
653 0 _abiologija
_acelica
_agenetika
_aevolucija
_aekologija
700 1 2 _aReece, Jane B.
_4aut
942 _2lcc
_cbk
946 _aAFJ
994 _aC0
_bDRFGD
999 _c87776
_d87776